La Sagrada Escritura (Record no. 171223)
[ view plain ]
| 000 -LEADER | |
|---|---|
| campo de control de longitud fija | 01039nam a2200277 i 4500 |
| 001 - NÚMERO DE CONTROL | |
| campo de control | 171223 |
| 003 - IDENTIFICADOR DE NÚMERO DE CONTROL | |
| campo de control | ES-MaACL |
| 005 - FECHA Y HORA DE LA ÚLTIMA TRANSACCIÓN | |
| campo de control | 20250808062755.0 |
| 008 - DATOS DE LONGITUD FIJA--INFORMACIÓN GENERAL | |
| campo de control de longitud fija | 090506s1967 sp |||| | spa d |
| 017 ## - NÚMERO DE COPYRIGHT O DE DEPÓSITO LEGAL | |
| Número de copyright o de depósito legal | M 10915-1964 |
| 130 0# - ENTRADA PRINCIPAL--TÍTULO UNIFORME | |
| Título uniforme | Biblia. |
| Nombre de parte o sección de la obra | N.T. |
| Lenguaje de la obra | Español. |
| 9 (RLIN) | 119294 |
| 245 10 - MENCIÓN DEL TÍTULO | |
| Título | La Sagrada Escritura |
| Resto del título | : Nuevo Testamento. |
| Número de parte o sección de la obra | III (último) / |
| Mención de responsabilidad, etc. | texto y comentario por Profesores de la Compañía de Jesús ; traducción y comentario por Miguel Nicolau...[et al.]. |
| 250 ## - MENCION DE EDICION | |
| Mención de edición | 2ª ed. |
| 260 ## - PUBLICACIÓN, DISTRIBUCIÓN, ETC. | |
| Lugar de publicación, distribución, etc. | Madrid : |
| Nombre del editor, distribuidor, etc. | [La Editorial Católica], |
| Fecha de publicación, distribución, etc. | 1967. |
| 300 ## - DESCRIPCIÓN FÍSICA | |
| Extensión | XXIII, 920 p. ; |
| Dimensiones | 20 cm. |
| 490 1# - MENCIÓN DE SERIE | |
| Mención de serie | Biblioteca de autores cristianos ; |
| Designación de volumen o secuencia | 214 |
| 500 ## - NOTA GENERAL | |
| Nota general | Índices. |
| 505 8# - NOTA DE CONTENIDO CON FORMATO | |
| Nota de contenido con formato | Contiene : Carta a los Hebreos ; Epístolas Católicas ; Apocalipsis ; Índices |
| 700 0# - ENTRADA AGREGADA--NOMBRE PERSONAL | |
| Nombre de persona | Nicolau, Miguel. |
| 9 (RLIN) | 85582 |
| 740 0# - ENTRADA AGREGADA--TÍTULO RELACIONADO/ANALÍTICO NO CONTROLADO | |
| Título relacionado o analítico no controlado | Carta a los Hebreos. |
| 740 0# - ENTRADA AGREGADA--TÍTULO RELACIONADO/ANALÍTICO NO CONTROLADO | |
| Título relacionado o analítico no controlado | Epístolas Católicas. |
| 740 0# - ENTRADA AGREGADA--TÍTULO RELACIONADO/ANALÍTICO NO CONTROLADO | |
| Título relacionado o analítico no controlado | Apocalipsis. |
| 830 00 - PUNTO DE ACCESO ADICIONAL DE SERIE-TÍTULO UNIFORME | |
| Título uniforme | Biblioteca de autores cristianos |
| Designación de volumen o secuencia | 214 |
| 9 (RLIN) | 178679 |
| 852 ## - LOCALIZACIÓN | |
| Ubicación | ES-MaACL |
| Número de control de estantería | J-209 |
| itemnumber | R.46092 |
| Estatus retirado | Estado de pérdida | Estado de daño | No para préstamo | Biblioteca de origen | Biblioteca actual | Ubicación en estantería | Fecha de adquisición | Fuente de adquisición | Total de préstamos | Signatura topográfica completa | Código de barras | Visto por última vez | Precio de reemplazo | Tipo de ítem Koha |
|---|---|---|---|---|---|---|---|---|---|---|---|---|---|---|
| Biblioteca del Ateneo de Madrid | Biblioteca del Ateneo de Madrid | Depósito 2 | 06/05/2009 | J-209 | 1179690 | 23/02/2023 | 23/02/2023 | Libro impreso |
